States that border Wyoming - Statistics

General Stats
  • This quiz has been taken 263 times
  • The average score is 5 of 6
Answer Stats
Hint Answer % Correct
3 Montana
96%
1 Colorado
94%
2 Idaho
92%
5 South Dakota
89%
6 Utah
88%
4 Nebraska
85%
No matching quizzes found
Score Distribution
Percent of People with Each Score
Percentile by Number Answered
Your Score History
You have not taken this quiz